|
|
|
|
| LEADER |
00000ny a22000003n 4500 |
| 005 |
20110622105933.0 |
| 008 |
091222s2009 sp 000 0 eng d |
| 020 |
|
|
|a 9788498497229
|
| 035 |
|
|
|a 4789
|
| 040 |
|
|
|a BUS
|d vLex
|
| 090 |
|
|
|c 991
|d 991
|
| 100 |
1 |
|
|a Rodrg̕uez Gonzl̀ez, Amalia
|
| 245 |
1 |
3 |
|a El deber de aminorar las consecuencias del siniestro en el contrato de seguros
|h [Recurso electrn̤ico]
|c Amalia Rodrg̕uez Gonzl̀ez
|
| 256 |
|
|
|a Servicio en ln̕ea
|
| 260 |
|
|
|a Valladolid :
|b Dykinson,
|c 2009
|
| 300 |
|
|
|a p. ;
|c cm
|
| 506 |
1 |
|
|a Contenido solo disponible en los productos indicados
|d vLex Global
|d vLex Global (Academic Edition, excluding Law Schools)
|d vLex Global (U.S. Academic Edition, Law Schools)
|d vLex Global (U.S. Academic Edition, excluding Law Schools)
|d vLex Global (Academic Edition, Law Schools)
|
| 650 |
0 |
4 |
|a Seguro
|x Pl̤izas
|
| 740 |
0 |
|
|a vLex Libros (Servicios en ln̕ea)
|
| 856 |
4 |
0 |
|u http://vlex.com/source/4789
|z Acceso restringido
|
| 942 |
|
|
|c BOOK
|